| 000 | 00783nam a2200229Ia 4500 | ||
|---|---|---|---|
| 003 | GCL | ||
| 008 | 140319s9999 xx 000 0 ara d | ||
| 040 |
_aGCL / _cGCL |
||
| 082 | 0 | 4 |
_a382.104 _bم ت |
| 100 | 1 | _aمصطفى محمود عز العرب | |
| 245 | 1 | 0 |
_aالنظرية البحته فى التجارة الخارجية / _cمصطفى محمود عز العرب |
| 260 |
_a[S.N] : _bالدار المصرية اللبنانية ، _c1988 |
||
| 300 | _a247 ص | ||
| 490 |
_aدراسات فى التجارة الخارجية _v0 |
||
| 650 | 0 | 4 | _aالتجارة |
| 650 | 0 | 4 | _aنظريات |
| 650 | 0 | 4 | _aالعلاقات الاقتصادية |
| 650 | 0 | 4 | _aالتجارة الخارجية |
| 650 | 0 | 4 | _aالاجتماع |
| 650 | 0 | 4 | _aالدولية |
| 942 |
_2ddc _cBK |
||
| 999 |
_c29625 _d29625 |
||